| 000 | 00614cam4a220021700 4500 | ||
|---|---|---|---|
| 001 | zam00003439 | ||
| 008 | 951128s1981 xx eng u | ||
| 035 | _a(Sirsi) r20767 | ||
| 035 | _a(MACHINE)SLC. | ||
| 100 |
_aRomaine, S. _6A82230.1 |
||
| 245 | 1 | 0 | _aWhy the problem of language acquisition should not be.... |
| 260 | _c1981. | ||
| 949 |
_aROM1-WHY _wlcc _mMAIN _tSHORTLOAN _lSHORTLOAN |
||
| 004 | 20767 | ||
| 591 | _aClass code: E 939. | ||
| 591 | _aCourse: Psycholinguistics. | ||
| 591 | _aSchool: S05. | ||
| 591 | _aLecturer: Dr. MPEPO, V.M. | ||
| 591 | _aNumber of Students: 30. | ||
| 909 | _aReprint | ||
| 999 |
_c8512 _d8512 |
||